Insurance statistics yearbook 1999-2008

Na minha lista:
Detalhes bibliográficos
Formato: Livro
Idioma:inglês
francês
Publicado em: Paris OECD 2010
Assuntos:
Tags: Adicionar Tag
Sem tags, seja o primeiro a adicionar uma tag!

MARC

LEADER 00000nam a2200000 4500
001 0126759
005 20240104121533.1
020 |a 978-92-64-08563-3 
041 0 |a eng 
041 0 |a fre 
044 |a FR 
245 1 0 |a Insurance statistics yearbook 1999-2008 
264 1 |a Paris  |b OECD  |c 2010 
300 |a 501 s. 
610 2 0 |a poistenie 
610 2 0 |a poisťovníctvo 
610 2 0 |a trh poistný 
610 2 0 |a porovnanie štatistické medzinárodné 
610 2 0 |a údaje štatistické medzinárodné